000 00543nam a2200181 a 4500
005 20220904191755.0
008 991125s1957 mx 000 0 spa u
035 _aUPN01000006674
049 _aCG
050 4 _aPQ2258 A4
_bG3.28
100 1 _aGautier, Teófilo,
_d1811-1872
245 1 3 _aEl capitán fracasa /
_cTeófilo Gautier ; il. de Coty ; tr. G. Nougues Gil.
260 _aMéxico :
_bCumbre,
_c1957.
300 _a413 p.
440 0 _aIlustrada de obras inmortales
650 0 _aLiteratura francesa
_ySiglo XIX
_912797
905 _aLibro
999 _c6674
_d6674